header

Lincoln and Reconstruction (Record no. 153055)

MARC details
000 -LEADER
fixed length control field 01736nam a2200409Ia 4500
082 04 - DEWEY DECIMAL CLASSIFICATION NUMBER
Classification number 973.7092
100 1# - MAIN ENTRY--AUTHOR NAME
Personal name Rodrigue, John C.
245 10 - TITLE STATEMENT
Title Lincoln and Reconstruction
260 ## - PUBLICATION, DISTRIBUTION, ETC. (IMPRINT)
Place of publication Carbondale :
Name of publisher Southern Illinois University Press,
Year of publication 2013.
300 ## - PHYSICAL DESCRIPTION
Number of Pages x, 163 p.
490 0# - SERIES STATEMENT
Series statement Concise Lincoln library
650 #0 - SUBJECT ADDED ENTRY--TOPICAL TERM
Topical Term Politics and war
Topical Term War and society
Topical Term Reconstruction (U.S. history, 1865-1877)
856 40 - ELECTRONIC LOCATION AND ACCESS
Uniform Resource Identifier http://site.ebrary.com/lib/rucke/Doc?id=10720852

No items available.

© 2026 Rongo University
Contact us: librarian | system librarian | Rongo university